DAVEY'S COMPANION TO SURGERY IN AFRICA (Record no. 14051)

MARC details
000 -LEADER
fixed length control field 00284nam a22001337a 4500
003 - CONTROL NUMBER IDENTIFIER
control field SGT
082 ## - DEWEY DECIMAL CLASSIFICATION NUMBER
Classification number 617
Item number D09A
100 ## - MAIN ENTRY--PERSONAL NAME
Personal name ADELOYE, ADELOLA
245 ## - TITLE STATEMENT
Title DAVEY'S COMPANION TO SURGERY IN AFRICA
250 ## - EDITION STATEMENT
Edition statement 3RD
260 ## - PUBLICATION, DISTRIBUTION, ETC. (IMPRINT)
Place of publication, distribution, etc NIGERIA
Name of publisher, distributor, etc AMP
Year of Publication 2009
300 ## - PAGE DESCRIPTION
No. of Pages 472
942 ## - ADDED ENTRY ELEMENTS (KOHA)
Source of classification or shelving scheme Dewey Decimal Classification
Koha item type Books
Holdings
Withdrawn status Lost status Source of classification or shelving scheme Damaged status Not for loan Collection code Home library Current library Shelving location Date acquired Vendor Name SGTU Total Checkouts Full call number Accession No. (Barcode) Date last seen Bill Date Koha item type
    Dewey Decimal Classification     MEDICAL SGT Medical Library SGT Medical Library Reference Book 20/12/2017 ABC DELHI SGTU   617 D09A FM8967 20/12/2017 20/12/2017 Books